Complete mathematics for AIEEE (Record no. 9999)

MARC details
000 -LEADER
fixed length control field 00417nam a2200193Ia 4500
001 - CONTROL NUMBER
control field 094902
003 - CONTROL NUMBER IDENTIFIER
control field YMCAF
005 - DATE AND TIME OF LATEST TRANSACTION
control field 20230512161943.0
008 - FIXED-LENGTH DATA ELEMENTS--GENERAL INFORMATION
fixed length control field 100717s2008 ||||||||||||||||| ||und|d
024 ## - OTHER STANDARD IDENTIFIER
Standard number or code 94902
035 ## - SYSTEM CONTROL NUMBER
System control number 34360
040 ## - CATALOGING SOURCE
Original cataloging agency YMCAF
Language of cataloging eng
Transcribing agency IN-KoLT
041 ## - LANGUAGE CODE
Language code of text/sound track or separate title eng
082 ## - DEWEY DECIMAL CLASSIFICATION NUMBER
Classification number 371.26
Item number COM
245 #0 - TITLE STATEMENT
Title Complete mathematics for AIEEE
260 ## - PUBLICATION, DISTRIBUTION, ETC.
Name of publisher, distributor, etc. TMH
Date of publication, distribution, etc. 2008
300 ## - PHYSICAL DESCRIPTION
Extent V P
942 ## - ADDED ENTRY ELEMENTS (KOHA)
Source of classification or shelving scheme Dewey Decimal Classification
Koha item type Books
Holdings
Withdrawn status Lost status Damaged status Not for loan Home library Current library Date acquired Cost, normal purchase price Total Checkouts Barcode Date last seen Cost, replacement price Price effective from Koha item type Public note G
        JC Bose University of Science & Technology JC Bose University of Science & Technology 17/07/2010 450.00   34362 12/05/2023 450.00 12/05/2023 Books C 3153
  Lost     JC Bose University of Science & Technology JC Bose University of Science & Technology 17/07/2010 450.00   34360 12/05/2023 450.00 12/05/2023 Books C 3153
        JC Bose University of Science & Technology JC Bose University of Science & Technology 17/07/2010 450.00   34361 12/05/2023 450.00 12/05/2023 Books C 3153